Devinez l'État Américain Mystère #25 - Statistiques

Statistiques générales
  • Ce quiz a été pris 173 fois
  • Le résultat moyen est 30 sur 35
Statistiques - réponses
Type de Réponse Réponse % Correct
Lettre Trouvée A
99%
Lettre de l'Alphabet E
99%
Lettre Trouvée N
99%
Lettre de l'Alphabet O
99%
Lettre de l'Alphabet R
99%
Lettre Trouvée I
98%
Lettre de l'Alphabet L
98%
Lettre de l'Alphabet S
98%
Lettre de l'Alphabet D
96%
Lettre de l'Alphabet K
96%
Lettre de l'Alphabet T
96%
Lettre Trouvée C
94%
Lettre de l'Alphabet W
94%
Lettre de l'Alphabet F
91%
Lettre Trouvée M
91%
Lettre de l'Alphabet Y
91%
Lettre Trouvée G
89%
Lettre Trouvée H
89%
Lettre de l'Alphabet U
89%
Lettre de l'Alphabet B
86%
Lettre Bien Placée A
83%
Lettre de l'Alphabet V
82%
Lettre de l'Alphabet P
79%
Lettre de l'Alphabet X
78%
Lettre de l'Alphabet Z
77%
Lettre Bien Placée I
74%
Lettre de l'Alphabet J
74%
Lettre Bien Placée I
73%
Lettre Bien Placée M
72%
Lettre de l'Alphabet Q
71%
Lettre Bien Placée C
70%
Lettre Bien Placée G
70%
Lettre Bien Placée H
70%
État Mystère Michigan
70%
Lettre Bien Placée N
70%
Aucun quiz correspondant
Distribution des résultats
% des personnes avec chaque résultat
Percentile par nombre de réponses
Votre historique - résultats
Vous n’avez pas pris ce quiz